000 00409nam a2200181Ia 4500
001 10769
005 20260306161856.0
008 260306t1960||||xx |||||||||||||| ||spa||
041 _aESP
082 _a949.5
_bB169
100 _aBowra, C. M.
_eAUT
245 0 _aLa aventura griega
260 _c1960
300 _a278 páginas :
_c24 cm.
650 _aGEN
654 _aCHU
942 _cLIB
_dJUS
_fJUS
_2ddc
_n
999 _c10769
_d10769